<?xml version="1.0" encoding="UTF-8"?><?xml-stylesheet type="text/xsl" href="static/style.xsl"?><OAI-PMH xmlns="http://www.openarchives.org/OAI/2.0/" xmlns:xsi="http://www.w3.org/2001/XMLSchema-instance" xsi:schemaLocation="http://www.openarchives.org/OAI/2.0/ http://www.openarchives.org/OAI/2.0/OAI-PMH.xsd"><responseDate>2026-04-14T07:33:05Z</responseDate><request verb="GetRecord" identifier="oai:www.recercat.cat:2117/413424" metadataPrefix="marc">https://recercat.cat/oai/request</request><GetRecord><record><header><identifier>oai:recercat.cat:2117/413424</identifier><datestamp>2026-02-07T06:50:30Z</datestamp><setSpec>com_2072_1033</setSpec><setSpec>col_2072_452950</setSpec></header><metadata><record xmlns="http://www.loc.gov/MARC21/slim" xmlns:dcterms="http://purl.org/dc/terms/" xmlns:xsi="http://www.w3.org/2001/XMLSchema-instance" xmlns:doc="http://www.lyncode.com/xoai" xsi:schemaLocation="http://www.loc.gov/MARC21/slim http://www.loc.gov/standards/marcxml/schema/MARC21slim.xsd">
   <leader>00925njm 22002777a 4500</leader>
   <datafield ind2=" " ind1=" " tag="042">
      <subfield code="a">dc</subfield>
   </datafield>
   <datafield ind2=" " ind1=" " tag="720">
      <subfield code="a">Mo, Yangyang</subfield>
      <subfield code="e">author</subfield>
   </datafield>
   <datafield ind2=" " ind1=" " tag="720">
      <subfield code="a">Rodríguez Dono, Alfonso</subfield>
      <subfield code="e">author</subfield>
   </datafield>
   <datafield ind2=" " ind1=" " tag="720">
      <subfield code="a">Olivella Pastallé, Sebastià</subfield>
      <subfield code="e">author</subfield>
   </datafield>
   <datafield ind2=" " ind1=" " tag="260">
      <subfield code="c">2024-06</subfield>
   </datafield>
   <datafield ind2=" " ind1=" " tag="520">
      <subfield code="a">This study investigates the impact of various factors on HM-coupled geological media through a multi-category analysis of the so-called Heat and Gas Fracking model (HGFRAC) and the so-called Gas Threshold Pressure Test (GTPT). The HGFRAC model consists of six different types of benchmark exercises. It is important to note that different types of elements and integration methods used in finite element simulations can influence the obtained results. Comparing the results of quadrilateral and triangle elements, it is observed that the quadrilateral element, due to its bi-linear gradient characteristic, produces a more stable stress field compared to the linear triangle element. The computational efficiency of the HGFRAC model has been improved due to the introduction of the selective integration method for quadrilateral elements. This is because the standard integration method lacks stability and is prone to locking effects, which leads to convergence problems. Additionally, sensitivity analyses have been performed on the fluidity parameter of the clay material, which controls the viscoplastic deformations. Further analysis of the response of quadrilateral elements, using the GTPT axisymmetric model, reveals that the integration method on Gauss points may cause convergence issues. These issues can be resolved by introducing the nodal point integration method, the selective integration method or a combination of both. In general, when dealing with HM-coupled gas injection problems, the use of selective integration enhances stability and cost-efficiency in calculations. Although the integration method on nodal points can resolve convergence issues in the GTPT model, it is worth noting that the calculation results can still be affected by locking effects.</subfield>
   </datafield>
   <datafield ind2=" " ind1=" " tag="520">
      <subfield code="a">Peer Reviewed</subfield>
   </datafield>
   <datafield ind2=" " ind1=" " tag="520">
      <subfield code="a">Postprint (published version)</subfield>
   </datafield>
   <datafield tag="653" ind2=" " ind1=" ">
      <subfield code="a">Àrees temàtiques de la UPC::Enginyeria civil::Geotècnia::Mecànica de sòls</subfield>
   </datafield>
   <datafield tag="653" ind2=" " ind1=" ">
      <subfield code="a">Clay soils</subfield>
   </datafield>
   <datafield tag="653" ind2=" " ind1=" ">
      <subfield code="a">Numerical simulation</subfield>
   </datafield>
   <datafield tag="653" ind2=" " ind1=" ">
      <subfield code="a">HM-coupled</subfield>
   </datafield>
   <datafield tag="653" ind2=" " ind1=" ">
      <subfield code="a">Gas injection</subfield>
   </datafield>
   <datafield tag="653" ind2=" " ind1=" ">
      <subfield code="a">Geological media</subfield>
   </datafield>
   <datafield tag="653" ind2=" " ind1=" ">
      <subfield code="a">Selective integration method</subfield>
   </datafield>
   <datafield tag="653" ind2=" " ind1=" ">
      <subfield code="a">Argila -- Assaigs de materials</subfield>
   </datafield>
   <datafield ind2="0" ind1="0" tag="245">
      <subfield code="a">Hydro-mechanical coupled analysis of gas injection in clay-based materials using different element types</subfield>
   </datafield>
</record></metadata></record></GetRecord></OAI-PMH>